[Event "Pardubice Open A"]
[Site "?"]
[Date "2015.07.27"]
[Round "4.29"]
[White "MAMMADZADA, Gunay"]
[Black "YUFFA, Daniil"]
[Result "1/2-1/2"]
[WhiteElo "2320"]
[BlackElo "2474"]
[PlyCount "92"]
[EventDate "2015.??.??"]
[WhiteClock "0:22:06"]
[BlackClock "0:32:01"]

1. e4 c6 2. d4 d5 3. Nc3 dxe4 4. Nxe4 Bf5 5. Ng3 Bg6 6. Nf3 Nf6 7. Ne5 Nbd7 8.
f4 e6 9. c3 c5 10. h4 cxd4 11. h5 Be4 12. Nxe4 Nxe4 13. Qxd4 Nef6 14. h6 Bc5
15. hxg7 Rg8 16. Qa4 Qb6 17. Nxd7 Nxd7 18. Qb3 Qc6 19. Qb5 Qe4+ 20. Qe2 Qg6 21.
Qf3 O-O-O 22. Bd2 Rxg7 23. O-O-O Nf6 24. Re1 Qg3 25. Rh3 Qxf3 26. Rxf3 Ng4 27.
Rh3 Nf2 28. Rh5 Bb6 29. Kc2 Ng4 30. Bd3 Nf2 31. Bf1 Ng4 32. Bd3 Nf2 33. Bf1 Ng4
34. a4 Nf6 35. Rg5 Rgg8 36. Bd3 h6 37. Rxg8 Rxg8 38. Re2 Nh5 39. a5 Bc7 40. f5
Ng3 41. Rf2 Nxf5 42. Bxf5 exf5 43. Bxh6 Bxa5 44. Rxf5 Rxg2+ 45. Kb3 Rg6 46. Bd2
Bd8 1/2-1/2

[Event "Pardubice Open A"]
[Site "?"]
[Date "2015.07.27"]
[Round "4.30"]
[White "NEUMAN, Petr"]
[Black "SREEVES, Clement"]
[Result "1/2-1/2"]
[WhiteElo "2470"]
[BlackElo "2333"]
[PlyCount "85"]
[EventDate "2015.??.??"]
[WhiteClock "0:53:12"]
[BlackClock "0:28:33"]

1. f4 c5 2. Nf3 g6 3. e4 Bg7 4. Nc3 Nc6 5. Bb5 Nd4 6. Nxd4 cxd4 7. Ne2 a6 8.
Bd3 d6 9. c3 dxc3 10. dxc3 Qb6 11. Qb3 Qxb3 12. axb3 Nf6 13. Be3 O-O 14. O-O
Bd7 15. Rfe1 Bc6 16. Ng3 h5 17. Bd4 h4 18. Nf1 Nh5 19. Bxg7 Kxg7 20. g3 e5 21.
Be2 exf4 22. Bxh5 gxh5 23. gxf4 Rae8 24. Nd2 f5 25. exf5 Rxe1+ 26. Rxe1 Kf6 27.
Kf2 Kxf5 28. Rg1 Kxf4 29. Rg7 Rf5 30. b4 Rg5 31. Rxg5 Kxg5 32. Nc4 d5 33. Ne5
Kf4 34. Nf3 Ke4 35. Nxh4 Kd3 36. Ng6 Kc2 37. Ke3 Kxb2 38. Kd4 b6 39. Ne5 Bb7
40. Nd7 a5 41. Nxb6 axb4 42. cxb4 Kb3 43. Nxd5 1/2-1/2

[Event "Pardubice Open A"]
[Site "?"]
[Date "2015.07.27"]
[Round "4.31"]
[White "NARAYANAN, Srinath"]
[Black "TATE, Alan"]
[Result "1/2-1/2"]
[WhiteElo "2464"]
[BlackElo "2335"]
[PlyCount "55"]
[EventDate "2015.??.??"]
[WhiteClock "1:15:10"]
[BlackClock "0:12:43"]

1. e4 e5 2. Nf3 Nc6 3. Bb5 Nf6 4. d3 Bc5 5. c3 O-O 6. O-O d5 7. exd5 Qxd5 8.
Bc4 Qd8 9. b4 Be7 10. Nbd2 Bf5 11. Qe2 Nd5 12. Nb1 Bf6 13. a4 Nb6 14. Rd1 Nxc4
15. dxc4 Qc8 16. Nbd2 Rd8 17. Bb2 Bd3 18. Qe3 Qf5 19. Re1 e4 20. Nxe4 Bxe4 21.
Qxe4 Qxe4 22. Rxe4 Nxb4 23. cxb4 Bxb2 24. Rb1 Bf6 25. g3 Re8 26. Rbe1 Rxe4 27.
Rxe4 Kf8 28. Ne5 1/2-1/2

[Event "Pardubice Open A"]
[Site "?"]
[Date "2015.07.27"]
[Round "4.32"]
[White "SABOL, Marian"]
[Black "BRYZGALIN, Kirill"]
[Result "1/2-1/2"]
[WhiteElo "2312"]
[BlackElo "2459"]
[PlyCount "55"]
[EventDate "2015.??.??"]
[WhiteClock "0:57:51"]
[BlackClock "0:23:10"]

1. d4 d5 2. c4 c6 3. Nf3 Nf6 4. e3 Bg4 5. h3 Bf5 6. Nc3 e6 7. g4 Be4 8. g5 Bxf3
9. Qxf3 Nfd7 10. h4 Bb4 11. Bd2 Qe7 12. a3 Bd6 13. O-O-O dxc4 14. Bxc4 Nb6 15.
Ba2 Na6 16. Kc2 O-O-O 17. Ne4 Bc7 18. Kb1 Nd5 19. Nc5 Nxc5 20. dxc5 f5 21. gxf6
Nxf6 22. Qh3 Rhe8 23. f3 Kb8 24. e4 e5 25. Be3 Nh5 26. Bg5 Nf6 27. Be3 Nh5 28.
Bg5 1/2-1/2

[Event "Pardubice Open A"]
[Site "?"]
[Date "2015.07.27"]
[Round "4.33"]
[White "JANSA, Vlastimil"]
[Black "PARAMZINA, Anastasya"]
[Result "1-0"]
[WhiteElo "2457"]
[BlackElo "2328"]
[PlyCount "40"]
[EventDate "2015.??.??"]
[WhiteClock "1:06:28"]
[BlackClock "0:56:03"]

1. e4 c5 2. Nf3 d6 3. d4 cxd4 4. Nxd4 Nf6 5. Nc3 a6 6. Be2 e5 7. Nb3 Be6 8. f4
Qc7 9. g4 exf4 10. g5 Nfd7 11. Bxf4 Nc6 12. Qd2 Be7 13. O-O-O Nce5 14. Nd4 O-O
15. Nf5 Nb6 16. Nxe7+ Qxe7 17. Qxd6 Qxd6 18. Rxd6 Nbc4 19. Rd4 Ng6 20. Bg3 b5
1-0

[Event "Pardubice Open A"]
[Site "?"]
[Date "2015.07.27"]
[Round "4.34"]
[White "KUTYNEC, Vladimir"]
[Black "BIOLEK, Richard Jr"]
[Result "1-0"]
[WhiteElo "2310"]
[BlackElo "2457"]
[PlyCount "109"]
[EventDate "2015.??.??"]
[WhiteClock "0:22:52"]
[BlackClock "0:01:10"]

1. d4 Nf6 2. c4 g6 3. Nc3 Bg7 4. e4 d6 5. Be2 O-O 6. Nf3 e5 7. O-O Nc6 8. d5
Ne7 9. Ne1 Nd7 10. Be3 f5 11. f3 f4 12. Bf2 g5 13. Rc1 Rf6 14. b4 Rh6 15. c5
Qe8 16. g4 fxg3 17. Bxg3 a6 18. Nd3 Nf6 19. b5 Nh5 20. b6 cxb6 21. cxd6 Nxg3
22. hxg3 Qh5 23. Kf2 Rxd6 24. Rh1 Qf7 25. Kg2 Bd7 26. a4 Rf8 27. Qg1 h5 28. Nb2
b5 29. axb5 axb5 30. Qc5 Qg6 31. Nxb5 Bxb5 32. Bxb5 g4 33. Nc4 gxf3+ 34. Kf2
Nc8 35. Nxd6 Nxd6 36. Bd3 Nxe4+ 37. Bxe4 Qxe4 38. Qc4 Qg6 39. d6+ Kh7 40. g4 e4
41. Rxh5+ Bh6 42. Qd4 Kg8 43. Qd5+ Kg7 44. Rc7+ Kh8 45. Re7 e3+ 46. Kg3 f2 47.
Re6 Rf3+ 48. Qxf3 Qxe6 49. d7 Qd6+ 50. Kg2 Kg7 51. g5 f1=Q+ 52. Qxf1 Qd5+ 53.
Qf3 Qd2+ 54. Kh3 Qxd7+ 55. Qg4 1-0

[Event "Pardubice Open A"]
[Site "?"]
[Date "2015.07.27"]
[Round "4.35"]
[White "MESKOVS, Nikita"]
[Black "MISHUCHKOV, Nikolai M"]
[Result "1/2-1/2"]
[WhiteElo "2457"]
[BlackElo "2320"]
[PlyCount "57"]
[EventDate "2015.??.??"]
[WhiteClock "0:15:04"]
[BlackClock "0:22:37"]

1. d4 d5 2. Nf3 Nf6 3. c4 dxc4 4. e3 Be6 5. Na3 Bd5 6. Nxc4 e6 7. Bd3 c5 8.
dxc5 Bxc5 9. O-O O-O 10. a3 Nbd7 11. b4 Be7 12. Bb2 Rc8 13. Nfd2 b5 14. Na5 a6
15. e4 Ba8 16. Qe2 Nb6 17. Rac1 Na4 18. Ba1 Qd7 19. Nf3 Rxc1 20. Rxc1 Rc8 21.
Rc2 Rc7 22. Ne5 Qc8 23. f3 Nd7 24. Nxd7 Qxd7 25. Rxc7 Qxc7 26. Qc2 Bd6 27. Qxc7
Bxc7 28. Bc2 f6 29. Bd4 1/2-1/2

[Event "Pardubice Open A"]
[Site "?"]
[Date "2015.07.27"]
[Round "4.36"]
[White "CERNOUSEK, Lukas"]
[Black "SYLVAN, Jacob"]
[Result "1/2-1/2"]
[WhiteElo "2455"]
[BlackElo "2320"]
[PlyCount "143"]
[EventDate "2015.??.??"]
[WhiteClock "0:00:37"]
[BlackClock "0:01:59"]

1. d4 Nf6 2. c4 g6 3. g3 Bg7 4. Bg2 O-O 5. Nc3 d6 6. Nf3 Nbd7 7. O-O e5 8. e4
c6 9. h3 Qb6 10. Re1 exd4 11. Nxd4 Re8 12. Nc2 Qc7 13. Rb1 a6 14. Nd4 Ne5 15.
b3 Rb8 16. f4 Ned7 17. a4 a5 18. Be3 Nc5 19. Bf2 Ne6 20. Qd2 Nxd4 21. Bxd4 Nd7
22. Bxg7 Kxg7 23. Qd4+ f6 24. Red1 Nc5 25. Kh2 Bd7 26. Re1 Ne6 27. Qf2 Rbd8 28.
Rbd1 Bc8 29. Re2 b6 30. Re3 Nc5 31. Qb2 Re7 32. Re2 Kg8 33. Red2 Ree8 34. Rd4
Bb7 35. Qc2 Ne6 36. R4d2 Nc5 37. Bf3 Bc8 38. Qb2 Bb7 39. Re2 Re7 40. Bg2 Bc8
41. b4 axb4 42. Qxb4 Ba6 43. Rb2 Rb8 44. a5 b5 45. cxb5 Bxb5 46. Nxb5 Rxb5 47.
Qc4+ Kg7 48. Ra2 Qb8 49. a6 Ra7 50. Rda1 Rb4 51. Qc2 Qb6 52. Rd1 d5 53. exd5
cxd5 54. Rxd5 Rxa6 55. Qe2 Ra7 56. Rxa7+ Qxa7 57. Qf2 Rc4 58. Qe2 Rc3 59. h4
Qc7 60. Qe8 Rd3 61. h5 Rxd5 62. Bxd5 Nd3 63. Qg8+ Kh6 64. Qf8+ Qg7 65. Qa3 Nf2
66. Qf3 Qa7 67. hxg6 hxg6 68. Bb3 f5 69. Qc3 Ng4+ 70. Kh3 Kh7 71. Qd2 Qa1 72.
Qg2 1/2-1/2

[Event "Pardubice Open A"]
[Site "?"]
[Date "2015.07.27"]
[Round "4.37"]
[White "GOLUBOV, Saveliy"]
[Black "KOCHETKOVA, Julia"]
[Result "1-0"]
[WhiteElo "2446"]
[BlackElo "2309"]
[PlyCount "101"]
[EventDate "2015.??.??"]
[WhiteClock "0:13:27"]
[BlackClock "0:19:08"]

1. Nf3 d5 2. g3 c6 3. Bg2 Nf6 4. O-O Bg4 5. d3 Nbd7 6. h3 Bxf3 7. Bxf3 e5 8. c4
dxc4 9. dxc4 Bc5 10. Nc3 a5 11. Qc2 O-O 12. Na4 Ba7 13. Bg2 Qe7 14. b3 Rfe8 15.
e3 Qe6 16. Rd1 h6 17. Ba3 e4 18. Nc3 Nc5 19. Ne2 Nd3 20. Nf4 Nxf4 21. gxf4 Qf5
22. c5 Nd5 23. Rd4 Nc7 24. Bxe4 Qxh3 25. Bh7+ Kh8 26. Bf5 Qf3 27. Rd7 Nd5 28.
Qd1 Rxe3 29. Rxd5 cxd5 30. fxe3 Qxe3+ 31. Kh1 Qxf4 32. Qg4 Qe5 33. Rf1 Re8 34.
Bd3 Bb8 35. Qh3 Kg8 36. Bc1 d4 37. Bc4 Qe4+ 38. Kg1 Rf8 39. Qf5 Qh4 40. Bf4
Bxf4 41. Qxf4 Qe7 42. Qxd4 Qg5+ 43. Kf2 Rd8 44. Qe3 Qf6+ 45. Kg3 Qg6+ 46. Kh4
Qg2 47. Rxf7 Kh8 48. Rf2 Qh1+ 49. Kg3 Qg1+ 50. Kh3 Qg6 51. Qf3 1-0

[Event "Pardubice Open A"]
[Site "?"]
[Date "2015.07.27"]
[Round "4.38"]
[White "DEAC, Bogdan-Daniel"]
[Black "TOMAZINI, Aljosa"]
[Result "1-0"]
[WhiteElo "2443"]
[BlackElo "2309"]
[PlyCount "45"]
[EventDate "2015.??.??"]
[WhiteClock "0:20:52"]
[BlackClock "0:22:55"]

1. c4 g6 2. d4 Nf6 3. Nf3 Bg7 4. g3 c6 5. Nc3 d5 6. Qb3 Qb6 7. Bg2 O-O 8. O-O
Rd8 9. Rd1 Be6 10. c5 Qxb3 11. axb3 Na6 12. Bf4 Bf5 13. Ne5 Rdc8 14. Ra4 Bc2
15. Rc1 Bxb3 16. Ra3 Bc4 17. b3 Bb5 18. Nxb5 cxb5 19. c6 Rab8 20. cxb7 Rxc1+
21. Bxc1 Rxb7 22. Rxa6 Rc7 23. Rc6 1-0

[Event "Pardubice Open A"]
[Site "?"]
[Date "2015.07.27"]
[Round "4.39"]
[White "MALAKHOV, Igor"]
[Black "TYMRAKIEWICZ, Rafal"]
[Result "1/2-1/2"]
[WhiteElo "2440"]
[BlackElo "2306"]
[PlyCount "124"]
[EventDate "2015.??.??"]
[WhiteClock "0:06:07"]
[BlackClock "0:00:40"]

1. e4 Nf6 2. e5 Nd5 3. d4 d6 4. c4 Nb6 5. f4 dxe5 6. fxe5 Bf5 7. Nc3 e6 8. Nf3
Nc6 9. Be3 Qd7 10. Be2 Bg4 11. O-O O-O-O 12. Ng5 Nxc4 13. Rxf7 Qe8 14. Nb5 Nxe3
15. Rxc7+ Kb8 16. Qb3 Bb4 17. Nf7 Bxe2 18. Rxb7+ Kxb7 19. Nbd6+ Kb6 20. Nxe8
Rhxe8 21. Nxd8 Bc4 22. Qxe3 Rxd8 23. a3 Be7 24. b4 Bd5 25. Rf1 a5 26. bxa5+
Nxa5 27. Rf7 Nc6 28. Qc3 Rd7 29. Rxg7 Ra7 30. Qb2+ Ka6 31. Rxh7 Rb7 32. Qe2+
Ka5 33. Qd2+ Ka6 34. h4 Rb3 35. h5 Bd8 36. Rg7 Bb6 37. Rg4 Nxe5 38. Qe2+ Nc4
39. h6 Rb1+ 40. Kf2 Rh1 41. Qc2 Rxh6 42. Ke2 Rf6 43. Qa4+ Na5 44. Rg5 Rf4 45.
Rxd5 exd5 46. Qd7 Rxd4 47. g4 Nc4 48. Qc8+ Ka7 49. a4 Re4+ 50. Kf3 Ne5+ 51. Kg3
Rxg4+ 52. Kh3 Rxa4 53. Qe6 Ra3+ 54. Kh2 Ra2+ 55. Kh1 Ra1+ 56. Kh2 Bc7 57. Kh3
Ra3+ 58. Kg2 Ra2+ 59. Kg1 Nf3+ 60. Kf1 Bb6 61. Qd7+ Ka6 62. Qa7+ Kxa7 1/2-1/2

[Event "Pardubice Open A"]
[Site "?"]
[Date "2015.07.27"]
[Round "4.40"]
[White "KOLOSOWSKI, Mateusz"]
[Black "PALCHUN, Grigory"]
[Result "1-0"]
[WhiteElo "2437"]
[BlackElo "2306"]
[PlyCount "87"]
[EventDate "2015.??.??"]
[WhiteClock "0:19:02"]
[BlackClock "0:17:02"]

1. d4 Nf6 2. c4 e6 3. Nc3 Bb4 4. e3 c5 5. Nge2 cxd4 6. exd4 Be7 7. Nf4 O-O 8.
Be2 d5 9. cxd5 Nxd5 10. Ncxd5 exd5 11. O-O Nc6 12. Bf3 Bf6 13. Bxd5 Bxd4 14.
Be3 Qf6 15. Bxc6 Bxe3 16. Nd5 Qh6 17. fxe3 bxc6 18. Nf4 Ba6 19. Rf2 Rfe8 20.
Qd7 Red8 21. Qf5 Qd6 22. h3 Re8 23. Qa5 Bc4 24. Rc1 Bd5 25. Nxd5 Qxd5 26. Qxd5
cxd5 27. Rc7 f6 28. Rd2 Re5 29. Kf2 a6 30. Rd7 Rb8 31. b3 Rb5 32. Rc2 h5 33. h4
Rb4 34. g3 Rg4 35. Rd8+ Kf7 36. Rc7+ Kg6 37. Rdd7 Rge4 38. Rxg7+ Kf5 39. Rc3 d4
40. exd4 Rxd4 41. Rc2 Rd1 42. Rh7 Kg4 43. Kg2 Red5 44. Rf2 1-0

[Event "Pardubice Open A"]
[Site "?"]
[Date "2015.07.27"]
[Round "4.41"]
[White "YURTSEVEN, Melih"]
[Black "AKESSON, Ralf"]
[Result "1-0"]
[WhiteElo "2299"]
[BlackElo "2428"]
[PlyCount "111"]
[EventDate "2015.??.??"]
[WhiteClock "0:02:24"]
[BlackClock "0:08:48"]

1. e4 c5 2. Nf3 e6 3. d4 cxd4 4. Nxd4 Nc6 5. Nc3 Qc7 6. g3 a6 7. Bg2 d6 8. O-O
Bd7 9. Re1 Nxd4 10. Qxd4 Nf6 11. a4 Be7 12. a5 O-O 13. h3 Bc6 14. Be3 Rac8 15.
Qd2 Rfe8 16. Bb6 Qb8 17. Kh2 Nd7 18. Be3 Bf6 19. Ra3 Ne5 20. b3 Qc7 21. Ne2 d5
22. f4 Nd7 23. e5 Be7 24. Ra2 Nc5 25. Bd4 Ne4 26. Qe3 Bd7 27. Rd1 Bb5 28. c4
Bc6 29. Bxe4 dxe4 30. Bb6 Qb8 31. Nd4 Bd7 32. Ne2 Bc6 33. Nc3 f6 34. exf6 gxf6
35. Nxe4 f5 36. Nc5 Bxc5 37. Bxc5 Rcd8 38. Rad2 Rxd2+ 39. Rxd2 Qc7 40. Bd4 Be4
41. Bc3 Rd8 42. Rd4 Kf8 43. Qd2 Ke8 44. Qd1 Rxd4 45. Qxd4 Qf7 46. g4 Bc6 47.
Kg3 fxg4 48. hxg4 Qg6 49. Bb4 Kf7 50. Qd6 Qg8 51. Qe7+ Kg6 52. Qg5+ Kf7 53.
Qe7+ Kg6 54. Bc3 h6 55. Qf6+ Kh7 56. g5 1-0

[Event "Pardubice Open A"]
[Site "?"]
[Date "2015.07.27"]
[Round "4.42"]
[White "STELLA, Andrea"]
[Black "ALEXIADIS, Hristos"]
[Result "1/2-1/2"]
[WhiteElo "2427"]
[BlackElo "2296"]
[PlyCount "120"]
[EventDate "2015.??.??"]
[WhiteClock "0:14:50"]
[BlackClock "0:05:07"]

1. Nf3 Nf6 2. c4 g6 3. g3 Bg7 4. Bg2 O-O 5. d4 d6 6. Nc3 c6 7. O-O Qa5 8. e4
Bg4 9. h3 Bxf3 10. Bxf3 Nfd7 11. Rb1 c5 12. dxc5 Qxc5 13. Nd5 Re8 14. Be3 Qxc4
15. b3 Qc8 16. Rc1 Nc6 17. b4 b5 18. a4 a6 19. axb5 axb5 20. e5 Ndxe5 21. Nb6
Nxf3+ 22. Qxf3 Ne5 23. Qxa8 Qxa8 24. Nxa8 Rxa8 25. Rc7 d5 26. Rxe7 d4 27. Bf4
Nc6 28. Rb7 Nxb4 29. Rxb5 Nd3 30. Rfb1 Nxf4 31. Rb8+ Rxb8 32. Rxb8+ Bf8 33.
gxf4 Kg7 34. Rd8 Bc5 35. Rd5 Ba7 36. f5 Kf6 37. fxg6 hxg6 38. Kf1 Ke6 39. Ra5
Bb8 40. Ke2 Be5 41. Kf3 Kf5 42. h4 f6 43. Rb5 g5 44. hxg5 fxg5 45. Ke2 g4 46.
Rb3 Ke4 47. f3+ gxf3+ 48. Rxf3 Bf4 49. Rb3 Be3 50. Rb4 Bf4 51. Ra4 Be3 52. Ra8
d3+ 53. Kd1 Kf3 54. Re8 Bf4 55. Ke1 Be3 56. Re6 Bf4 57. Kd1 Be3 58. Rd6 Ke4 59.
Rd7 Bf4 60. Rxd3 Kxd3 1/2-1/2

[Event "Pardubice Open A"]
[Site "?"]
[Date "2015.07.27"]
[Round "4.43"]
[White "HEINEMANN, Josefine"]
[Black "KOBO, Ori"]
[Result "1/2-1/2"]
[WhiteElo "2286"]
[BlackElo "2422"]
[PlyCount "166"]
[EventDate "2015.??.??"]
[WhiteClock "0:38:11"]
[BlackClock "0:05:47"]

1. e4 e5 2. Nf3 Nc6 3. Bb5 a6 4. Ba4 Nf6 5. O-O Be7 6. d3 b5 7. Bb3 d6 8. a3
O-O 9. Nc3 Bb7 10. Re1 Qd7 11. h3 Na5 12. Ba2 c5 13. Bd2 Nc6 14. Nd5 Nxd5 15.
Bxd5 Kh8 16. b4 cxb4 17. axb4 f5 18. exf5 Rxf5 19. Be4 Raf8 20. Bxf5 Qxf5 21.
Rf1 Qg6 22. Ne1 Nd4 23. Qg4 Qf7 24. c3 Ne6 25. Qe2 g5 26. g3 h5 27. Be3 Kg7 28.
f3 Qe8 29. Bd2 Qc6 30. Qe4 Qc8 31. Qe2 Nc7 32. Kh2 Qf5 33. Nc2 Bxf3 34. Nd4
exd4 35. Qxe7+ Rf7 36. Qxg5+ Qxg5 37. Bxg5 dxc3 38. Rf2 Bb7 39. Be3 Nd5 40.
Bd4+ Kg6 41. Rxf7 Kxf7 42. Rc1 Nxb4 43. Rxc3 Nc6 44. Bb6 b4 45. Rc4 a5 46. Bxa5
Nxa5 47. Rxb4 Bc8 48. Rb5 Nc6 49. Rxh5 Ne5 50. g4 Nxd3 51. Rd5 Ne5 52. Rxd6
Nxg4+ 53. hxg4 Bxg4 54. Kg3 Bf5 55. Kf4 Bh7 56. Rd7+ Kg8 57. Kg5 Kh8 58. Kf6
Bg8 59. Kg6 Bb3 60. Rh7+ Kg8 61. Rb7 Bc2+ 62. Kf6 Be4 63. Re7 Bd3 64. Re3 Bc2
65. Rg3+ Kh8 66. Kf7 Bh7 67. Rg4 Bc2 68. Rg8+ Kh7 69. Rb8 Bd3 70. Rc8 Be4 71.
Rd8 Bc2 72. Rd2 Bb3+ 73. Kf8 Bc4 74. Rh2+ Kg6 75. Ke7 Bb3 76. Rb2 Bc4 77. Kd6
Kf6 78. Rf2+ Kg7 79. Ke7 Kg6 80. Rf6+ Kg7 81. Rf4 Bg8 82. Rg4+ Kh8 83. Rxg8+
Kxg8 1/2-1/2

[Event "Pardubice Open A"]
[Site "?"]
[Date "2015.07.27"]
[Round "4.44"]
[White "PISCOPO, Pierluigi"]
[Black "SOYSAL, Serkan"]
[Result "1/2-1/2"]
[WhiteElo "2422"]
[BlackElo "2293"]
[PlyCount "185"]
[EventDate "2015.??.??"]
[WhiteClock "0:01:03"]
[BlackClock "0:00:41"]

1. Nf3 Nf6 2. g3 d5 3. Bg2 g6 4. O-O Bg7 5. d4 O-O 6. Bf4 c5 7. dxc5 Na6 8.
Nbd2 Nxc5 9. Nb3 Nce4 10. Be5 b6 11. a4 Ba6 12. a5 e6 13. Nc1 Qe7 14. axb6 axb6
15. Qd4 Rfc8 16. c3 Nc5 17. Qd1 Ncd7 18. Bxf6 Nxf6 19. Nd3 Ne4 20. Nd2 f5 21.
Nxe4 dxe4 22. Nb4 Bc4 23. Qc2 Qc5 24. Rxa8 Rxa8 25. Rd1 Bf6 26. e3 Be7 27. h4
Qc8 28. b3 Bb5 29. Qd2 Qe8 30. Bf1 Rd8 31. Qe1 Rxd1 32. Qxd1 Bxf1 33. Qxf1 Bxb4
34. cxb4 b5 35. Qa1 Qd7 36. Kg2 Qd6 37. Qf6 Qxb4 38. Qxe6+ Kg7 39. Qd7+ Kg8 40.
h5 gxh5 41. Qxf5 Qxb3 42. Qxe4 b4 43. Qe8+ Kg7 44. Qe7+ Kg8 45. e4 Qc4 46. Qg5+
Kf8 47. Qf6+ Qf7 48. Qd8+ Qe8 49. Qd5 Qf7 50. Qa8+ Kg7 51. e5 b3 52. Qe4 b2 53.
e6 b1=Q 54. Qxb1 Qxe6 55. Qb7+ Kg6 56. Qb1+ Kg7 57. Qb2+ Kf7 58. Qd4 Qc6+ 59.
Kg1 Qf3 60. Qd6 Qg4 61. Qh6 Qg6 62. Qf4+ Kg7 63. Kg2 Qg4 64. Qe5+ Kf7 65. f3
Qg6 66. Kh3 Qb1 67. Qxh5+ Kg7 68. Qg5+ Kh8 69. Qf6+ Kg8 70. Qe6+ Kg7 71. Qe5+
Kg8 72. Kg4 Qd3 73. Qg5+ Kh8 74. Qf6+ Kg8 75. Qg5+ Kh8 76. Qf5 Qd4+ 77. Kh5 Qd6
78. f4 Kg8 79. Qg5+ Kf7 80. Qf5+ Kg8 81. Qg5+ Kf7 82. Kh4 Qd2 83. Qf5+ Kg7 84.
Qe5+ Kf7 85. Qc7+ Kg6 86. Qc6+ Kf7 87. Kg5 h6+ 88. Kf5 Qd3+ 89. Ke5 Qe3+ 90.
Qe4 Qc3+ 91. Kd6 Qa3+ 92. Kc7 Qxg3 93. Qf5+ 1/2-1/2

[Event "Pardubice Open A"]
[Site "?"]
[Date "2015.07.27"]
[Round "4.45"]
[White "SHEVCHENKO, Kirill"]
[Black "BLAHYNKA, Martin"]
[Result "1-0"]
[WhiteElo "2270"]
[BlackElo "2420"]
[PlyCount "171"]
[EventDate "2015.??.??"]
[WhiteClock "0:04:58"]
[BlackClock "0:02:34"]

1. e4 e5 2. Nf3 Nc6 3. Bb5 Nf6 4. O-O Nxe4 5. Re1 Nd6 6. Nxe5 Nxe5 7. Rxe5+ Be7
8. Bf1 O-O 9. d4 Bf6 10. Re1 Nf5 11. d5 d6 12. Nc3 Bg5 13. Bd3 Bd7 14. Qh5 Bxc1
15. Raxc1 Qh4 16. Qxh4 Nxh4 17. Re7 Rfd8 18. Rce1 a6 19. a4 Rac8 20. a5 Kf8 21.
R7e4 Re8 22. Kf1 Ng6 23. Rb4 Rxe1+ 24. Kxe1 Re8+ 25. Kf1 Bc8 26. f4 f5 27. Rc4
Re7 28. g3 Ke8 29. Ne2 Nf8 30. b4 g6 31. h3 Kd8 32. Nd4 Bd7 33. Rc3 Be8 34. Rb3
Bf7 35. c4 Nd7 36. Kf2 Kc8 37. Rb2 Nf6 38. Re2 Rxe2+ 39. Kxe2 b5 40. Nc6 Be8
41. Ke3 Kb7 42. Nd8+ Kc8 43. Ne6 c6 44. dxc6 Bxc6 45. Nd4 bxc4 46. Bxc4 Nd5+
47. Bxd5 Bxd5 48. b5 axb5 49. Nxb5 Kd7 50. Kd4 Bg2 51. h4 Kc6 52. Nc3 Bf3 53.
Kc4 Bg2 54. Kb4 Bf1 55. Nd1 Bd3 56. Ne3 Ba6 57. h5 gxh5 58. Nxf5 Kd5 59. Kc3 h6
60. Kd2 Ke6 61. Ne3 Kf6 62. Kc3 Kf7 63. Nd5 Kg6 64. Kd4 Kf5 65. Ne3+ Ke6 66.
Nc4 Ke7 67. f5 Bc8 68. Ke4 Bb7+ 69. Kf4 Ba6 70. Ne3 Bb7 71. Nc2 Kf6 72. Nb4 Bg2
73. a6 Ba8 74. a7 Bb7 75. Na6 d5 76. Nc7 d4 77. a8=Q Bxa8 78. Nxa8 d3 79. Nb6
d2 80. Nd5+ Kf7 81. Ne3 Kf6 82. Ke4 Kg5 83. Ke5 h4 84. gxh4+ Kxh4 85. f6 Kg3
86. Nf1+ 1-0

[Event "Pardubice Open A"]
[Site "?"]
[Date "2015.07.27"]
[Round "4.46"]
[White "ROEDER, Matthias"]
[Black "OKUN, Leonid"]
[Result "1-0"]
[WhiteElo "2411"]
[BlackElo "2277"]
[PlyCount "199"]
[EventDate "2015.??.??"]
[WhiteClock "0:15:45"]
[BlackClock "0:00:50"]

1. Nf3 d5 2. d4 e6 3. g3 c5 4. Bg2 Nf6 5. O-O Nc6 6. c4 cxd4 7. cxd5 exd5 8.
Nxd4 Be6 9. Nc3 Be7 10. Qa4 Qd7 11. Nxe6 fxe6 12. Bg5 h6 13. Bxf6 Bxf6 14. Rad1
O-O 15. Bh3 Qe7 16. e4 d4 17. Ne2 e5 18. Nc1 a6 19. Qc4+ Kh8 20. Nd3 Qd6 21.
Qe6 Qc7 22. Rc1 Qb6 23. Rc2 a5 24. a3 a4 25. Bg4 Ra5 26. Qc4 Nd8 27. Qb4 Qxb4
28. axb4 Ra8 29. Ra1 Nf7 30. Be6 Nd6 31. Bd5 Rfc8 32. Rxc8+ Rxc8 33. Rxa4 Rc2
34. f4 exf4 35. e5 Bxe5 36. Nxe5 fxg3 37. hxg3 g5 38. g4 Rxb2 39. Nc4 Nxc4 40.
Bxc4 Kg7 41. b5 Kf6 42. Bf1 Ke5 43. Ra8 Rb3 44. Rb8 Kf4 45. Rxb7 Kxg4 46. Rd7
Rb4 47. Rh7 Rb1 48. Kf2 Rb2+ 49. Be2+ Kf4 50. Ke1 Ke3 51. Re7+ Kf4 52. Rf7+ Ke4
53. Kd1 h5 54. Re7+ Kf4 55. Kc1 Rb4 56. Bxh5 Rxb5 57. Be2 Re5 58. Rf7+ Rf5 59.
Rd7 Ke3 60. Re7+ Kf4 61. Kd2 g4 62. Kd3 Re5 63. Rg7 Re3+ 64. Kd2 Rg3 65. Ke1
Ke3 66. Re7+ Kf4 67. Kf2 Ra3 68. Rf7+ Ke4 69. Bxg4 Ra2+ 70. Ke1 Rh2 71. Be2 Rh4
72. Kd2 Rh2 73. Re7+ Kd5 74. Re8 Rg2 75. Rh8 Rg3 76. Rh2 Ra3 77. Rh5+ Ke4 78.
Bc4 Rc3 79. Rh4+ Ke5 80. Bd3 Ra3 81. Rh5+ Kd6 82. Bc4 Rg3 83. Rd5+ Kc6 84. Rxd4
Kc5 85. Rh4 Rg2+ 86. Kc3 Rg3+ 87. Bd3 Kd6 88. Kd4 Ke7 89. Rh6 Kf7 90. Bf5 Kg7
91. Ra6 Rb3 92. Ke5 Rb7 93. Be6 Rc7 94. Ra1 Rc5+ 95. Bd5 Rc7 96. Rg1+ Kh8 97.
Kf6 Ra7 98. Rb1 Ra6+ 99. Be6 Ra7 100. Rb8+ 1-0

[Event "Pardubice Open A"]
[Site "?"]
[Date "2015.07.27"]
[Round "4.47"]
[White "ARAT, Ufuk Sezen"]
[Black "STRUGNELL, Carl"]
[Result "1-0"]
[WhiteElo "2409"]
[BlackElo "2275"]
[PlyCount "175"]
[EventDate "2015.??.??"]
[WhiteClock "0:02:33"]
[BlackClock "0:00:34"]

1. d4 e6 2. c4 Nf6 3. g3 d5 4. Nf3 dxc4 5. Bg2 a6 6. O-O Nc6 7. Nc3 Rb8 8. e4
b5 9. e5 Nd5 10. Ne4 Be7 11. Bd2 f5 12. exf6 Nxf6 13. Ne5 Nxe5 14. Nxf6+ gxf6
15. dxe5 O-O 16. Qg4+ Kh8 17. exf6 Bxf6 18. Bb4 Rg8 19. Qh5 Qe8 20. Qe2 e5 21.
Rfe1 Bf5 22. Bd5 Rg7 23. Qf3 Qg6 24. Be4 Bxe4 25. Rxe4 Rf7 26. Qe2 Rd8 27. Bc3
Rfd7 28. Re1 Rd1 29. Rxe5 Rxe1+ 30. Qxe1 b4 31. Bxb4 Bxe5 32. Qxe5+ Kg8 33. Bc3
Rd1+ 34. Kg2 Qc6+ 35. f3 Qg6 36. Qxc7 Qc2+ 37. Kh3 Qf5+ 38. Kh4 Kf8 39. Bb4+
Kg8 40. Bc3 Kf8 41. Qxc4 Qxf3 42. Qc8+ Kf7 43. Qc7+ Ke6 44. Qxh7 Rd5 45. Qg6+
Ke7 46. Qg4 Qd3 47. Qg7+ Ke6 48. h3 Kd6 49. g4 Qe4 50. Qa7 Qc4 51. Qb8+ Kd7 52.
Qb7+ Ke6 53. Qh7 Kd6 54. Qg6+ Kd7 55. Qf7+ Kd6 56. Bb4+ Kc6 57. a3 Qd3 58. Bc3
Rd7 59. Qe6+ Kb7 60. Kg5 Rd6 61. Qb3+ Ka8 62. Qg8+ Kb7 63. Qf7+ Kc6 64. Be5 Rd7
65. Qe6+ Kb7 66. h4 Qe3+ 67. Kg6 Qe4+ 68. Qf5 Qd5 69. Bg7 Qc6+ 70. Bf6 Rd5 71.
Qf4 Qe8+ 72. Kg7 Rd7+ 73. Kh6 Qf8+ 74. Kg5 Rd5+ 75. Be5 Qg7+ 76. Kf5 Qh7+ 77.
Kf6 Qh8+ 78. Ke6 Qg8+ 79. Qf7+ Qxf7+ 80. Kxf7 Rxe5 81. g5 Kc7 82. g6 Kd7 83. g7
Re7+ 84. Kg6 Re6+ 85. Kh7 Re7 86. h5 a5 87. Kh8 Re5 88. h6 1-0

[Event "Pardubice Open A"]
[Site "?"]
[Date "2015.07.27"]
[Round "4.48"]
[White "LOKANDER, Martin"]
[Black "WARAKOMSKA, Anna"]
[Result "1/2-1/2"]
[WhiteElo "2403"]
[BlackElo "2274"]
[PlyCount "102"]
[EventDate "2015.??.??"]
[WhiteClock "1:32:14"]
[BlackClock "0:26:22"]

1. Nf3 d5 2. c4 c6 3. e3 Nf6 4. Qc2 e6 5. b3 Nbd7 6. Bb2 Bd6 7. Nc3 O-O 8. Rg1
dxc4 9. bxc4 e5 10. g4 Qe7 11. g5 Nh5 12. Ne4 Ba3 13. Bxa3 Qxa3 14. Be2 g6 15.
Nxe5 Nxe5 16. f4 Ng4 17. Bxg4 Bxg4 18. Rxg4 f5 19. gxf6 Nxf6 20. Nxf6+ Rxf6 21.
h4 Raf8 22. h5 Qc5 23. hxg6 h5 24. Rg2 b5 25. Rc1 b4 26. Qe4 h4 27. g7 Rd8 28.
d4 Qa5 29. Qe5 Qxe5 30. fxe5 Rh6 31. Kf2 Rd7 32. d5 Rxg7 33. Rxg7+ Kxg7 34.
Rg1+ Kf7 35. Kf3 h3 36. Rh1 cxd5 37. cxd5 h2 38. Ke4 Rh4+ 39. Kd3 a5 40. e4 a4
41. Kd4 b3 42. axb3 axb3 43. Kc3 Rh3+ 44. Kb2 Ke7 45. e6 Kd6 46. Ka3 Ke7 47. e5
Rd3 48. Rxh2 Rxd5 49. Kxb3 Rxe5 50. Rh6 Rxe6 51. Rxe6+ Kxe6 1/2-1/2